00808nam a22002297a 450000500170000001000150001702000260003202000230005803500130008103700130009408200110010710000190011824500770013726000390021427000500025330000350030350000510033870000230038994200250041299900170043795201240045420130527123005.0 aENG-107219 a9781259004773c495.00 a1259004775c495.00 aEN-90752 bDBAD/PUB a332.17 aKanhaiya Singh aCommercial bank management /cby Kanhaiya Singh [and] Vinay Kumar Dutta aNew Delhibtata McGraw Hill c2013 aP-24, Green Park ExtensionbNew Delhie110016 axvii, 582p. :bill.c24cm(pbk) aIncludes bibliographical references and index  aDutta, Vinay Kumar 2ddccENh332.17mKAN c75881d75881 001040718NFICaDBADbDBADd2013-05-22eDBAD/PUBg495.00l0o332.17 KANpEN-90752r2013-05-22 00:00:00t1v495.00yEN